<?xml version="1.0" encoding="UTF-8"?>
<record
    xmlns:xsi="http://www.w3.org/2001/XMLSchema-instance"
    xsi:schemaLocation="http://www.loc.gov/MARC21/slim http://www.loc.gov/standards/marcxml/schema/MARC21slim.xsd"
    xmlns="http://www.loc.gov/MARC21/slim">

  <leader>06216aam a2200649 i 4500</leader>
  <controlfield tag="001">60436</controlfield>
  <controlfield tag="003">CO-BoRNBP</controlfield>
  <controlfield tag="005">20260206142127.0</controlfield>
  <controlfield tag="007">ta</controlfield>
  <controlfield tag="008">240410s2022    ck abdofr     010 0 spa d</controlfield>
  <datafield tag="020" ind1=" " ind2=" ">
    <subfield code="a">9789585183650</subfield>
    <subfield code="q">obra impresa</subfield>
    <subfield code="q">[tapa dura]</subfield>
  </datafield>
  <datafield tag="020" ind1=" " ind2=" ">
    <subfield code="a">958518365X</subfield>
    <subfield code="q">obra impresa</subfield>
    <subfield code="q">[tapa dura]</subfield>
  </datafield>
  <datafield tag="020" ind1=" " ind2=" ">
    <subfield code="a">9789585183629</subfield>
  </datafield>
  <datafield tag="020" ind1=" " ind2=" ">
    <subfield code="a">9585183625</subfield>
  </datafield>
  <datafield tag="040" ind1=" " ind2=" ">
    <subfield code="a">CO-BoUNC</subfield>
    <subfield code="b">spa</subfield>
    <subfield code="e">rda</subfield>
    <subfield code="c">CO-BoUNC</subfield>
  </datafield>
  <datafield tag="041" ind1="0" ind2=" ">
    <subfield code="a">spa</subfield>
  </datafield>
  <datafield tag="043" ind1=" " ind2=" ">
    <subfield code="a">s-ck---</subfield>
    <subfield code="a">s-ve---</subfield>
  </datafield>
  <datafield tag="082" ind1="0" ind2="4">
    <subfield code="a">597.09861</subfield>
    <subfield code="b">I57p</subfield>
    <subfield code="2">23</subfield>
  </datafield>
  <datafield tag="245" ind1="0" ind2="0">
    <subfield code="a">XXI. Peces del fondo del r&#xED;o Orinoco y afluentes principales (Colombia-Venezuela) :</subfield>
    <subfield code="b">diversidad y aspectos bioecologicos /</subfield>
    <subfield code="c">Carlos A. Lasso y Monica A. Morales-Betancourt (editores).</subfield>
  </datafield>
  <datafield tag="246" ind1="3" ind2="0">
    <subfield code="a">Diversidad y aspectos bioecologicos</subfield>
  </datafield>
  <datafield tag="246" ind1="3" ind2="3">
    <subfield code="a">Peces del fondo del r&#xED;o Orinoco y afluentes principales (Colombia-Venezuela)</subfield>
  </datafield>
  <datafield tag="250" ind1=" " ind2=" ">
    <subfield code="a">1a. edici&#xF3;n</subfield>
  </datafield>
  <datafield tag="264" ind1=" " ind2="1">
    <subfield code="a">Bogota :</subfield>
    <subfield code="b">Instituto de Investigaci&#xF3;n de Recursos Biologicos Alexander von Humboldt,</subfield>
    <subfield code="c">[2022].</subfield>
  </datafield>
  <datafield tag="264" ind1=" " ind2="4">
    <subfield code="c">2022</subfield>
  </datafield>
  <datafield tag="300" ind1=" " ind2=" ">
    <subfield code="a">361 paginas :</subfield>
    <subfield code="b">ilustraciones a color, diagramas, fotografias, mapas ;</subfield>
    <subfield code="c">25 cm.</subfield>
  </datafield>
  <datafield tag="336" ind1=" " ind2=" ">
    <subfield code="a">texto</subfield>
    <subfield code="b">txt</subfield>
    <subfield code="2">rdacontent</subfield>
  </datafield>
  <datafield tag="337" ind1=" " ind2=" ">
    <subfield code="a">sin mediaci&#xF3;n</subfield>
    <subfield code="b">n</subfield>
    <subfield code="2">rdamedia</subfield>
  </datafield>
  <datafield tag="338" ind1=" " ind2=" ">
    <subfield code="a">volumen</subfield>
    <subfield code="b">nc</subfield>
    <subfield code="2">rdacarrier</subfield>
  </datafield>
  <datafield tag="490" ind1="1" ind2=" ">
    <subfield code="a">Serie Recursos hidrobiologicos y pesqueros continentales de Colombia</subfield>
  </datafield>
  <datafield tag="500" ind1=" " ind2=" ">
    <subfield code="a">"En memoria de Jos&#xE9; Ivan Mojica-Corzo (1957-2022)"-- Pagina 3</subfield>
  </datafield>
  <datafield tag="504" ind1=" " ind2=" ">
    <subfield code="a">Bibliograf&#xED;a : paginas 323- 336</subfield>
  </datafield>
  <datafield tag="505" ind1="0" ind2=" ">
    <subfield code="a">Presentaciones -- Prologo -- Autores y afiliaciones -- Resumen ejecutivo -- Executive summary -- Introducci&#xF3;n 1. area de estudio y metodolog&#xED;a -- 2. Catalogo de especies ; Orden Myliobatiformes ; Familia Potamotrygonidae ; Orden Anguilliformes ; Familia Ophichtidae ; Orden Gymnotiformes ; Familia Apteronotidae ; Familia Rhamphichthyidae ; Familia Sternopygidae ; Orden Siluriformes ; Familia Aspredinidae ; Familia Auchenipteridae ; Familia Cetopsidae ; Familia Doradidae ; Familia Heptapteridae ; Familia Loricariidae ; Familia Pimelodidae ; Familia Trichomycteridae ; Orden Cichliformes ; Familia Cichlidae ; Orden Acanthuriformes ; Familia Sciaenidae ; Orden Carangiformes (Pleuronectoidei) ; Familia Achiridae -- 3. Variaci&#xF3;n temporal y vertical de los ensamblajes o comunidades de peces del fondo del r&#xED;o Orinoco medio (Colombia-Venezuela) -- 4. Conclusiones y recomendaciones -- 5. Bibliograf&#xED;a -- 6. Anexos. Anexo 1. Abreviaturas de los items alimenticios ; Anexo 2. Lista de peces de profundidad, distribuci&#xF3;n por subcuencas hidrogr&#xE1;ficas e informaci&#xF3;n de talla y peso m&#xE1;ximos ; Anexo 3. Lista de autores/fotograf&#xED;as fichas de especies ; Anexo 4. Indice cientifico: &#xF3;rdenes, familias, generos y especies.</subfield>
  </datafield>
  <datafield tag="520" ind1="3" ind2=" ">
    <subfield code="a">Como parte de las actividades de la linea de investigaci&#xF3;n sobre los Recursos Hidrobiol&#xF3;gicos Continentales del Insti- tuto Humboldt (2022), se presentan los resultados de un trabajo de investigaci&#xF3;n colaborativo desde el 2020, entre investigadores de la Academia, Sistema Nacional Ambiental de Colombia, ONG y Sociedad Civil, relativo a un recurso biol&#xF3;gico bastante desconocido: los peces de fondo o aguas profundas del r&#xED;o Orinoco y principales afluentes a lo largo de toda la cuenca media y baja (Colombia-Venezuela). El libro esta estructurado en cinco cap&#xED;tulos donde se consideran varios aspectos sobre la cuenca del Orinoco y sus h&#xE1;bitats, en especial la secci&#xF3;n central relativa al catalogo de los peces del fondo del cauce del r&#xED;o y afluentes principales. En este se recogen elementos clave -varios novedosos- sobre la diagnosis, distribuci&#xF3;n, biolog&#xED;a y ecolog&#xED;a de los peces. (...).-- P&#xE1;gina 21</subfield>
  </datafield>
  <datafield tag="520" ind1="3" ind2=" ">
    <subfield code="a">As part of the research activities of the Humboldt Institute's initiative to study Continental Hydrobiological Resources (2022), the results of a collaborative research project carried out by scientists from several different universities, the National Environmental System of Colombia, NGOs and Civil Society are presented on a fairly unknown biological resource: the fishes that live in the deep water channels of the Orinoco River and its main tributaries in the middle and lower basin in Colombia and Venezuela. The book is structured in five chapters where various aspects of the Orinoco River Basin and its habitats are considered, with emphasis on the catalog of the deep water channel fishes. This contains key elements -several new- on the diagnosis, distribution, biology and ecology of those fishes. (...).-- P&#xE1;ginas 25</subfield>
  </datafield>
  <datafield tag="546" ind1=" " ind2=" ">
    <subfield code="a">Texto en espa&#xF1;ol, con resumen en espa&#xF1;ol e ingles</subfield>
  </datafield>
  <datafield tag="650" ind1="1" ind2="7">
    <subfield code="a">Peces de agua dulce</subfield>
    <subfield code="z">Orinoco (R&#xED;o)</subfield>
    <subfield code="2">BNE</subfield>
    <subfield code="9">68654</subfield>
  </datafield>
  <datafield tag="650" ind1="1" ind2="7">
    <subfield code="a">Peces de agua dulce</subfield>
    <subfield code="z">Orinoco (R&#xED;o)</subfield>
    <subfield code="z">Colombia</subfield>
    <subfield code="2">BNE</subfield>
    <subfield code="9">68655</subfield>
  </datafield>
  <datafield tag="650" ind1="1" ind2="7">
    <subfield code="a">Peces de agua dulce</subfield>
    <subfield code="z">Orinoco (R&#xFFFD;o)</subfield>
    <subfield code="z">Venezuela</subfield>
    <subfield code="2">BNE</subfield>
    <subfield code="9">68656</subfield>
  </datafield>
  <datafield tag="650" ind1="1" ind2="7">
    <subfield code="a">Peces de agua dulce</subfield>
    <subfield code="x">Identificaci&#xF3;n</subfield>
    <subfield code="z">Cuenca del R&#xED;o Orinoco (Colombia)</subfield>
    <subfield code="2">BLAA</subfield>
    <subfield code="9">68657</subfield>
  </datafield>
  <datafield tag="650" ind1="1" ind2="7">
    <subfield code="a">Peces de agua dulce</subfield>
    <subfield code="x">Identificaci&#xF3;n</subfield>
    <subfield code="z">Cuenca del R&#xED;o Orinoco (Venezuela)</subfield>
    <subfield code="2">BLAA</subfield>
    <subfield code="9">68658</subfield>
  </datafield>
  <datafield tag="650" ind1="1" ind2="7">
    <subfield code="a">Peces de agua dulce</subfield>
    <subfield code="x">Clasificaci&#xF3;n</subfield>
    <subfield code="z">Orinoco (R&#xED;o)</subfield>
    <subfield code="2">BLAA</subfield>
    <subfield code="9">68659</subfield>
  </datafield>
  <datafield tag="650" ind1="1" ind2="7">
    <subfield code="a">Peces de agua dulce</subfield>
    <subfield code="x">H&#xE1;bitat</subfield>
    <subfield code="2">CSIC</subfield>
    <subfield code="9">68660</subfield>
  </datafield>
  <datafield tag="650" ind1="1" ind2="7">
    <subfield code="a">Peces de agua dulce</subfield>
    <subfield code="x">Distribuci&#xF3;n geogr&#xE1;fica</subfield>
    <subfield code="2">LEMB</subfield>
    <subfield code="9">68661</subfield>
  </datafield>
  <datafield tag="650" ind1="1" ind2="7">
    <subfield code="a">Habitos alimenticios</subfield>
    <subfield code="2">LEMB</subfield>
    <subfield code="9">17816</subfield>
  </datafield>
  <datafield tag="650" ind1="1" ind2="7">
    <subfield code="a">Especies (Biolog&#xFFFD;a)</subfield>
    <subfield code="2">CSIC</subfield>
    <subfield code="9">68662</subfield>
  </datafield>
  <datafield tag="650" ind1="1" ind2="7">
    <subfield code="a">Ecosistemas de agua dulce</subfield>
    <subfield code="2">AGROVOC</subfield>
    <subfield code="9">68663</subfield>
  </datafield>
  <datafield tag="650" ind1="1" ind2="7">
    <subfield code="a">Ecolog&#xED;a de peces</subfield>
    <subfield code="2">LEMB</subfield>
    <subfield code="9">68664</subfield>
  </datafield>
  <datafield tag="650" ind1="1" ind2="7">
    <subfield code="a">Cuencas hidrogr&#xE1;ficas</subfield>
    <subfield code="x">Investigaciones</subfield>
    <subfield code="z">Orinoco (R&#xED;o)</subfield>
    <subfield code="2">BLAA</subfield>
    <subfield code="9">68665</subfield>
  </datafield>
  <datafield tag="650" ind1="1" ind2="7">
    <subfield code="a">Ictiolog&#xED;a</subfield>
    <subfield code="x">Investigaciones</subfield>
    <subfield code="z">Colombia</subfield>
    <subfield code="y">Siglo XXI</subfield>
    <subfield code="2">LEMB</subfield>
    <subfield code="9">68666</subfield>
  </datafield>
  <datafield tag="651" ind1=" " ind2="7">
    <subfield code="a">Orinoco (R&#xED;o)</subfield>
    <subfield code="x">Investigaci&#xF3;n</subfield>
    <subfield code="9">68667</subfield>
  </datafield>
  <datafield tag="700" ind1="1" ind2=" ">
    <subfield code="a">Lasso , Carlos Andres</subfield>
    <subfield code="e">editor</subfield>
    <subfield code="9">68668</subfield>
  </datafield>
  <datafield tag="700" ind1="1" ind2=" ">
    <subfield code="a">Morales Betancourt, M&#xF3;nica Andrea</subfield>
    <subfield code="e">editor</subfield>
    <subfield code="e">autor</subfield>
    <subfield code="9">68669</subfield>
  </datafield>
  <datafield tag="710" ind1="2" ind2=" ">
    <subfield code="a">Ministerio de Ambiente y Desarrollo Sostenible</subfield>
    <subfield code="b">Instituto de Investigaci&#xF3;n de Recursos Biol&#xF3;gicos Alexander von Humboldt</subfield>
    <subfield code="e">investigador</subfield>
    <subfield code="9">68670</subfield>
  </datafield>
  <datafield tag="830" ind1=" " ind2="0">
    <subfield code="a">Serie Recursos hidrobiol&#xFFFD;gicos y pesqueros continentales de Colombia (Instituto de Investigaci&#xFFFD;n de Recursos Biol&#xFFFD;gicos Alexander von Humboldt)</subfield>
    <subfield code="v">21</subfield>
    <subfield code="9">68671</subfield>
  </datafield>
  <datafield tag="856" ind1="4" ind2="1">
    <subfield code="u">https://repository.humboldt.org.co/entities/publication/a7c1f62e-44b9-44da-bed9-b0dfb4ea1442</subfield>
    <subfield code="z">Acceso en l&#xFFFD;nea (texto completo)</subfield>
  </datafield>
  <datafield tag="942" ind1=" " ind2=" ">
    <subfield code="2">ddc</subfield>
    <subfield code="c">BK</subfield>
  </datafield>
  <datafield tag="999" ind1=" " ind2=" ">
    <subfield code="c">60436</subfield>
    <subfield code="d">60436</subfield>
  </datafield>
</record>
